Prénoms des 25 acteurs de légende de Hollywood - Statistiques

Statistiques générales
  • Ce quiz a été pris 623 fois
  • Le résultat moyen est 13 sur 25
Statistiques - réponses
Rang Nom Prénom % Correct
10 Chaplin {Charlie}
96%
4 Brando {Marlon}
81%
3 Stewart {James}
76%
8 Cagney {James}
76%
18 Dean {James}
76%
13 Wayne {John}
74%
5 Astaire {Fred}
72%
6 Fonda {Henry}
63%
7 Gable {Clark}
60%
1 Bogart {Humphrey}
58%
17 Douglas {Kirk}
58%
16 Welles {Orson}
56%
23 Mitchum {Robert}
55%
2 Grant {Cary}
51%
11 Cooper {Gary}
49%
12 Peck {Gregory}
45%
19 Lancaster {Burt}
44%
22 Poitier {Sidney}
44%
15 Kelly {Gene}
39%
21 Keaton {Buster}
37%
14 Olivier {Laurence}
33%
9 Tracy {Spencer}
25%
25 Holden {William}
25%
20 Marx {Brothers} Chico, Harpo, Groucho, Gummo et Zeppo
12%
24 Robinson {Edward}
9%
Aucun quiz correspondant
Distribution des résultats
% des personnes avec chaque résultat
Percentile par nombre de réponses
Votre historique - résultats
Vous n’avez pas pris ce quiz